101 Best Written TV Shows Quiz Stats

Quiz Updated Aug 15, 2017

Challenge
Share
Tweet
Embed
Score 0/101 Timer 15:00
2 Plays Today
Ranking Show % Correct
2Seinfeld
96.3%
24Friends
92.7%
1The Sopranos
87.7%
12I Love Lucy
84.1%
33Star Trek
84%
8Cheers
83.6%
29The Cosby Show
83.5%
50The Office (UK)
83.3%
66The Office (US)
83.3%
2130 Rock
81.5%
6The Mary Tyler Moore Show
80.2%
11The Simpsons
79.9%
14The Dick Van Dyke Show
79.6%
39Sex and the City
79.3%
5M*A*S*H
79.2%
13Breaking Bad
79.2%
74House
78.9%
28ER
78.5%
23Frasier
78.5%
71Roseanne
77%
63Everybody Loves Raymond
75.9%
7124
75.8%
7Mad Men
75.5%
69The Golden Girls
74%
49Buffy the Vampire Slayer
72.9%
26The X-Files
72.8%
91The Muppet Show
72.3%
17The Daily Show with Jon Stewart
71.1%
70The Andy Griffith Show
70.1%
19Taxi
68%
16Arrested Development
66.3%
40Game of Thrones
65.1%
50The Colbert Report
63.4%
37The Carol Burnett Show
63%
Ranking Show % Correct
54The Wonder Years
61.5%
27Lost
61.5%
41The Bob Newhart Show
61%
94Will & Grace
59.2%
3The Twilight Zone
58.8%
63South Park
57.9%
43Law & Order
57%
30Curb Your Enthusiasm
56.6%
4All in the Family
56.3%
34Modern Family
56.3%
10The West Wing
55.8%
25Saturday Night Live
55.8%
98Late Night with David Letterman
55.2%
95Family Ties
55.2%
31The Honeymooners
54.9%
43Downton Abbey
53.2%
50The Good Wife
53.1%
74Murphy Brown
52.5%
79Star Trek: The Next Generation
52.3%
57Columbo
51%
36NYPD Blue
50.6%
60Moonlighting
50.5%
48Homeland
50.2%
66Dexter
49.8%
79Monty Python's Flying Circus
48.9%
56Sesame Street
47.5%
60Freaks and Geeks
43.9%
35Twin Peaks
43.7%
98Louie
43.2%
78The Odd Couple
42.4%
55L.A. Law
40.5%
93Boardwalk Empire
39.9%
9The Wire
39.4%
68My So-Called Life
38.6%
Ranking Show % Correct
71The Shield
36.8%
58Fawlty Towers
36.7%
22Friday Night Lights
36.4%
83Get Smart
35.2%
58The Rockford Files
34.9%
15Hill Street Blues
34.6%
79Alfred Hitchcock Presents
33.5%
18Six Feet Under
32.4%
20The Larry Sanders Show
31.2%
62Roots
30.4%
86Justified
30.3%
84Gunsmoke
27.7%
76Barney Miller
27%
89Rowan & Martin's Laugh-In
26.1%
46St. Elsewhere
24.4%
53Northern Exposure
24.3%
96Soap
23.9%
43Thirtysomething
22.1%
86The Phil Silvers Show
21.7%
32Deadwood
20.8%
46Homicide: Life on the Street
20.4%
38Battlestar Galactica (2005)
20.3%
41Your Show of Shows
18.7%
91Absolutely Fabulous
18.6%
98The Fugitive
16.8%
90The Prisoner
11.7%
101Oz
10.2%
76I, Claudius
8.9%
96Lonesome Dove
6.8%
79Upstairs, Downstairs
6%
84The Defenders
5.6%
88Band of Brothers
4.2%
65Playhouse 90
1.8%

You're not logged in!

Compare scores with friends on all Sporcle quizzes.
Sign Up with Email
OR
Log In

You Might Also Like...

Show Comments

Extras

Top Quizzes Today


Score Distribution

Your Account Isn't Verified!

In order to create a playlist on Sporcle, you need to verify the email address you used during registration. Go to your Sporcle Settings to finish the process.